000 00316nam a2200133Ia 4500
008 190216s9999||||xx |||||||||||||| ||und||
100 _aBrijilal And Subrahmanyam N
245 0 _aHeat And Thermodynamics
250 _a11st Ed.
260 _bS. Chand & Co
_c1985
300 _a487
650 _aPhysics
942 _cBK
999 _c33038
_d33038